Animal Alphabet 3 - Statistics

General Stats
  • This quiz has been taken 51 times
  • The average score is 23 of 26
Answer Stats
Picture Hint Answer % Correct
C Cat
100%
D Dog
100%
F Fish
100%
G Goose
100%
B Bear
97%
E Elephant
97%
O Owl
97%
P Pig
97%
H Hippopotamus
95%
L Lizard
95%
U Unicorn
95%
A Ape
92%
I Iguana
92%
M Mule
92%
T Tortoise
89%
Z Zebra
89%
Q Quail
87%
V Vulture
87%
J Jay
84%
K Kiwi
84%
Y Yak
84%
W Warthog
82%
S Salmon
79%
N Nightingale
61%
R Rhea
58%
X Xenops
53%
No matching quizzes found
Score Distribution
Percent of People with Each Score
Percentile by Number Answered
Your Score History
You have not taken this quiz